000 00902nam a22002177a 4500
003 OSt
005 20170608093113.0
008 140214b2016 slv spa
040 _cBMC
082 _a620
100 1 _940263
_aQuintanilla Cuellar, Víctor Manuel
245 1 0 _aPasantía en Cáritas Santa Ana
_b: Informe final
_cVíctor Manuel Quintanilla Cuéllar
260 _aSanta Ana (El Salvador)
_bUniversidad Católica de El Salvador
_c2016
300 _a46 h.
_bil. col
_c27 cm
_e+ 1 disco compacto
500 _aPrecede al tít.: Universidad Católica de El Salvador, Facultad de Ingeniería y Arquitectura
500 _aPeríodo de realización: del 19 de enero al 18 de julio 2016
502 _aPara optar al título de: Ingeniero cívil
650 2 4 _94088
_aIngeniería
710 2 _91166
_aUniversidad Católica de El Salvador
_bFacultad de Ingeniería y Arquitectura
942 _2ddc
_cTG
999 _c26377
_d26377